000 00384nam a22001577a 4500
003 OSt
005 20240131100914.0
008 220705b xxu||||| |||| 00| 0 eng d
020 _a978-0136157397
040 _cIIMT UNIVERSITY
100 _aKEEGAN, WARREN.I
245 _aGLOBAL MARKETING MANAGEMENT
260 _aDELHI
_bPEARSON EDUCATION
_c2011
300 _a670
942 _2ddc
_c02
999 _c52823
_d52823